000 00542cam a2200205ua 4500
020 _cRs 90.00
041 _aeng
_h
082 _a532
_bRAM/FL
100 _aRamamrutham, S.
245 _aFluid mechanics, hydraulics and fluid machines /
_cS Ramamrutham.
_hTextual Documents
250 _a4 /
_b.
260 _aNew Delhi :
_bDhanpat Rai Publishing Co. Pvt. Ltd. ,
_c1994.
300 _a1200 ; .
365 _aRs 90.00
504 _a
650 _aFluid mechanics
942 _cBK
999 _c207
_d207